000 00638nam a2200265Ia 4500
005 20260306164328.0
008 008 260114s9999 xx 000 0 eng d
020 _a9780231535243
037 _aEBOOK
040 _aCRL
040 _beng
040 _cCRL
041 _2eng
041 _aeng
084 _qCRL
100 _aWeinstein, Bradburd
_91130459
245 4 _aThe Robin Hood Rules For Smart Giving
260 _bColumbia University Press
260 _c2015
650 _aEconomics & Finance
856 _uhttps://academic.oup.com/book/18865
942 _cEBOOK
999 _c1713668
_d1713668